000 00961nam a22002537a 4500
005 20240530110601.0
008 150521s2010 ua ad g b 000 0 ara d
017 _a2009/22973
_bمصر . دار الكتب المصرية
020 _a9789773831968
040 _aEG-CaGPL
082 0 4 _221
_a658.403\
_bم أ
100 0 _aمحمد سعد محمد
245 1 0 _aاساليب القيادة و صنع القرار /
_cاعداد محمد سعد محمد
250 _aط1
260 _aالقاهرة :
_bإيتراك للطباعة و النشر و التوزيع ،
_c2010 .
300 _a379 ص :
_bجداول ؛
_c24 سم .
504 _aيشتمل على ارجاعات ببليوجرافية
650 0 4 _aالقيادة الادارية
650 0 4 _aاتخاذ القرارات
650 0 4 _aالقيادة التحويلية
650 0 4 _aالنظرية الموقفية
942 _2ddc
_cBK
999 _c62666
_d62666